000 00379nmm a2200145Ia 4500
008 251105s9999||||xx |||||||||||||||||und||
041 _aspa
100 _aMartin, Kat
245 0 _aSeda y acero
264 _a[Madrid, España] :
_bEdiciones B,
_c2014
300 _a431 páginas
650 _aRomance
856 _uhttps://public.digitaliapublishing.com/a/53445
942 _cCF
999 _c105026
_d105026